Tenure and sustainable use / (Record no. 2683)

MARC details
000 -LEADER
fixed length control field 01856cam a2200409 a 4500
001 - CONTROL NUMBER
control field 251501
003 - CONTROL NUMBER IDENTIFIER
control field OSt
005 - DATE AND TIME OF LATEST TRANSACTION
control field 20230626115227.0
008 - FIXED-LENGTH DATA ELEMENTS--GENERAL INFORMATION
fixed length control field 990713s1999 sz a b 100 0 eng d
010 ## - LIBRARY OF CONGRESS CONTROL NUMBER
LC control number 99226219
020 ## - INTERNATIONAL STANDARD BOOK NUMBER
International Standard Book Number 2831704731
035 ## - SYSTEM CONTROL NUMBER
System control number (OCoLC)41504828
040 ## - CATALOGING SOURCE
Original cataloging agency UKM
Transcribing agency UKM
Modifying agency DLC
041 0# - LANGUAGE CODE
Language code of text/sound track or separate title eng
Language code of summary or abstract frespa
042 ## - AUTHENTICATION CODE
Authentication code lccopycat
082 00 - DEWEY DECIMAL CLASSIFICATION NUMBER
Classification number 333.3
Item number OGL
100 ## - MAIN ENTRY--PERSONAL NAME
Titles and words associated with a name James Oglethorpe
245 00 - TITLE STATEMENT
Title Tenure and sustainable use /
Statement of responsibility, etc. James Oglethorpe, editor.
260 ## - PUBLICATION, DISTRIBUTION, ETC. (IMPRINT)
Place of publication, distribution, etc. Gland ;
-- Cambridge :
Name of publisher, distributor, etc. IUCN,
Date of publication, distribution, etc. c1999.
300 ## - PHYSICAL DESCRIPTION
Extent x, 181 p. :
Other physical details ill. ;
Dimensions 30 cm.
440 #0 - SERIES STATEMENT/ADDED ENTRY--TITLE
Title SUI technical series ;
Volume/sequential designation v. 2
500 ## - GENERAL NOTE
General note "Based on presentations at the following workshops: Influence of tenure and access rights on the sustainability of natural resource uses, 10th Global Biodiversity Forum, Bratislava, Slovakia, 1-3 May, 1998 and Tenure and sustainable use, organised by the Centre for Development and Environment, University of Oslo, 11-14 October, 1998 in collaboration with the Sustainable Use Initiative".
504 ## - BIBLIOGRAPHY, ETC. NOTE
Bibliography, etc Includes bibliographical references.
546 ## - LANGUAGE NOTE
Language note Text in English with abstracts in French and Spanish.
650 #0 - SUBJECT ADDED ENTRY--TOPICAL TERM
Topical term or geographic name as entry element Land tenure
Form subdivision Congresses.
650 #0 - SUBJECT ADDED ENTRY--TOPICAL TERM
Topical term or geographic name as entry element Sustainable development
Form subdivision Congresses.
650 #0 - SUBJECT ADDED ENTRY--TOPICAL TERM
Topical term or geographic name as entry element Sustainable agriculture
Form subdivision Congresses.
650 #0 - SUBJECT ADDED ENTRY--TOPICAL TERM
Topical term or geographic name as entry element Natural resources
General subdivision Management
Form subdivision Congresses.
700 1# - ADDED ENTRY--PERSONAL NAME
Personal name Oglethorpe, James.
710 2# - ADDED ENTRY--CORPORATE NAME
Corporate name or jurisdiction name as entry element Sustainable Use Initiative (Organization)
710 2# - ADDED ENTRY--CORPORATE NAME
Corporate name or jurisdiction name as entry element Universitetet i Oslo.
Subordinate unit Senter for utvikling og miljø.
710 2# - ADDED ENTRY--CORPORATE NAME
Corporate name or jurisdiction name as entry element International Union for Conservation of Nature and Natural Resources.
711 0# - ADDED ENTRY--MEETING NAME
Meeting name or jurisdiction name as entry element Global Biodiversity Forum
Number of part/section/meeting (10th :
Date of meeting 1998 :
Location of meeting Bratislava, Slovakia)
906 ## - LOCAL DATA ELEMENT F, LDF (RLIN)
a 7
b cbc
c copycat
d 3
e ncip
f 19
g y-gencatlg
942 ## - ADDED ENTRY ELEMENTS (KOHA)
Source of classification or shelving scheme Dewey Decimal Classification
Koha item type Books
Holdings
Withdrawn status Lost status Source of classification or shelving scheme Damaged status Not for loan Home library Current library Date acquired Total Checkouts Full call number Barcode Date last seen Price effective from Koha item type
    Dewey Decimal Classification     County Hall Archives County Hall Archives 06/26/2023   333.3 OGL 10013627 06/26/2023 06/26/2023 Books
    Dewey Decimal Classification     County Hall Archives County Hall Archives 06/26/2023   333.3 OGL 10013629 06/26/2023 06/26/2023 Books
    Dewey Decimal Classification     County Hall Archives County Hall Archives 06/26/2023   333.3 OGL 10013625 06/26/2023 06/26/2023 Books
    Dewey Decimal Classification     County Hall Archives County Hall Archives 06/26/2023   333.3 OGL 10013628 06/26/2023 06/26/2023 Books
    Dewey Decimal Classification     County Hall Archives County Hall Archives 06/26/2023   333.3 OGL 10013626 06/26/2023 06/26/2023 Books
LIBRARY OPENING HOURS

When the Parliament is sitting: 8.00a.m - 7.00p.m or until the house adjourns
Mondays and Fridays and when the House is on Recess:  8.00a.m - 5.00p.m
Closed on Weekends and Public Holidays

Online Public Access Catalog (OPAC)
Website: http://www.parliament.go.ke
Bunge Library: https://libraryir.parliament.go.ke
Contact: library@parliament.go.ke | Tel no: (254-2)2221291 or 2848000 Ext 5043